00550nam a22001697a 450000500170000001000150001702000300003203500140006203700130007608200100008910000180009924500860011725000080020326000310021127001170024230000210035920210726113120.0 aENG-129634 a978-81-9529-454-1c450.00 aEN-113166 bDBAD/PUB a158.5 aAnuroop Omkar aThe Art Of Negotiation and Mediation/cBy Anuroop Omkar and Kritika Krishnamurthy a2nd aGurgaonbLexis Nexisc2021 a14th floor, Building No 10, Tower- B, DLF Cyber City, Phase-II, GurgaonbHaryanae122002mhelp.in@lexisnexis.com a441p;c22cm(pbk)